Рідний край 29 серпня №34 (Record no. 206979)

MARC details
001 - Ідентифікатор запису
Ідентифікатор запису 206979
101 ## - Мова
Мова українська
102 ## - Країна публікації/виробництва
Країна Україна
200 ## - Назва
Назва Рідний край 29 серпня №34
210 ## - Місце та час видання
Дата видання 2025
942 ## - Додаткові дані (Коха)
Тип одиниці Газети
000 -Маркер запису
Маркер (контрольне поле довжиною 24 байти) 00329nam 22001453 4500
005 - Ідентифікатор версії
Ідентифікатор версії 20250902153058.0
100 ## - Дані загальної обробки
Дані загальної обробки 20250902 ukry50
801 ## - Джерело походження запису
Код бібліографічного формату unimarc
Країна Україна
Правила каталогізації psbo
Holdings
Джерельне місце зберігання Поточне місце зберігання чи видачі Тип одиниці (рівень примірника) <br/>&nbsp; Штрих-код Джерело класифікації чи схема поличного розташування Дата внесення в Коха Стан списання <br/>&nbsp;<br/>&nbsp; Стан обігу (не для випожичання) Стан пошкодження Стан втрати/відсутності Дата, коли останній раз бачено примірник Дата останнього редагування примірника
Читальний зал Читальний зал Газети 2025/177Рід Універсальна десяткова класифікація (УДК) 02/09/2025         02/09/2025 2025-09-02 15:31:23

Powered by Koha